| 000 | 00620nam a22002057a 4500 | ||
|---|---|---|---|
| 005 | 20250306155508.0 | ||
| 010 | _aENG-143975 | ||
| 020 |
_c250.00 _a9789382459057 |
||
| 035 | _aEN-127507 | ||
| 037 | _bDBAD | ||
| 082 | _a616.079 | ||
| 100 |
_aArumugam, N. _979345 |
||
| 245 |
_aImmunology & Microbiology/ _cby N. Arumugam...[et.al] |
||
| 250 | _a4 | ||
| 260 |
_bSaras Publication _c2013 _aNagercoil |
||
| 270 |
_bNagercoil _e629002 _a114/35G, A. R. P. Camp Road, Periavilai, Kottar P. O., |
||
| 300 |
_a544p. _c21cm(pbk) |
||
| 500 | _aIncludes index | ||
| 942 |
_2ddc _cEN _mARU _h616.079 _e4 |
||
| 999 |
_c210134 _d210134 |
||